000 00787nam a22001577a 4500
003 OSt
005 20151208104113.0
008 151208b xxu||||| |||| 00| 0 eng d
040 _cRUA
082 _aATM HIN 2000 B191 Or.1
100 _94520
_aHING KOLSAMNANG; ហ៊ីង កុសលសំណាង.
245 _aRural credit on the agricultural machinery usage of prasac ogarnization in kampong ro district, svay rieng province, ឥណទានជនបទលើការប្រើប្រាស់គ្រឿងយន្តកសកម្មរបស់អង្គការប្រាសាក់ នៅស្រុកកំពង់រោទ៍ខេត្តស្វាយរៀង.
260 _aPhnom Penh
_bRUA
_c2000
300 _a51p.
_bill.
_c29cm.
942 _2ddc
_cATM
999 _c4211
_d4211